| 000 | 01225nam a2200289Ia 4500 | ||
|---|---|---|---|
| 001 | ebr10044773 | ||
| 003 | CaPaEBR | ||
| 006 | m u | ||
| 007 | cr cn||||||||| | ||
| 008 | 031217s2003 vau gs 000 0 eng d | ||
| 020 | _z0871208830 | ||
| 040 |
_aCaPaEBR _cCaPaEBR |
||
| 035 | _a(OCoLC)54360219 | ||
| 050 | 1 | 4 |
_aLB3013.3 _b.W47 2003eb |
| 100 | 1 | _aWessler, Stephen. | |
| 245 | 1 | 4 |
_aThe respectful school _h[electronic resource] : _bhow educators and students can conquer hate and harassment / _cStephen Wessler. |
| 260 |
_aAlexandria, Va. : _bAssociation for Supervision & Curriculum Development, _c2003. |
||
| 300 | _a146 p. | ||
| 533 |
_aElectronic reproduction. _bPalo Alto, Calif. : _cebrary, _d2009. _nAvailable via World Wide Web. _nAccess may be limited to ebrary affiliated libraries. |
||
| 650 | 0 |
_aSchool violence _zUnited States _xPrevention. |
|
| 650 | 0 |
_aBullying in schools _zUnited States _xPrevention. |
|
| 650 | 0 |
_aSchool environment _zUnited States. |
|
| 655 | 7 |
_aElectronic books. _2local |
|
| 700 | 1 |
_aPreble, William, _d1953- |
|
| 710 | 2 | _aebrary, Inc. | |
| 856 | 4 | 0 |
_uhttp://site.ebrary.com/lib/rucke/Doc?id=10044773 _zAn electronic book accessible through the World Wide Web; click to view |
| 999 |
_c179231 _d179231 |
||